00367nam a2200097Ia 4500008004100000100001500041245007100056260010500127650001700232650002000249220216s9999 xx 000 0 und d aHing J L T 0aImpact of packaging and transportation on natural rubber marketing bProceedings of the International Rubber Marketing Conference, 1983, Kuala Lumpur, Malaysia, p138-147 aNR marketing aRubber industry